Niños y niñas reconociendo nuestro legado indígena

Resumen: Este proyecto es una cartilla orientada a estudiantes entre los 7 y los 10 años de los grados tercero, cuarto y quinto de primaria. Está pensada para ser aplicada en las clases de ciencias sociales, pues en ellas, se hacen realidad los Derechos Básicos de Aprendizaje (DBA) propuestos por e...

Descrizione completa

Salvato in:
Dettagli Bibliografici
Ente Autore: Fundación Universitaria CAFAM -Unicafam
Altri autori: Chinchilla Gaitán, Sonia Esperanza (Autor), Sánchez Fernández, David (Autor), Triana Zamora, Hernán Javier (Autor)
Natura: Libro
Lingua:English
Edizione:Federico Román López Trujillo
Soggetti:
Accesso online:Enlace del recurso
Tags: Aggiungi Tag
Nessun Tag, puoi essere il primo ad aggiungerne! !

MARC

LEADER 00000nam a22000007a 4500
003 OSt
005 20250922051250.0
008 240326b ||||| |||| 00| 0 eng d
999 |c 7298  |d 7298 
020 |a 978-628-7535-90-9 
040 |a IDEP  |c CNA-IDEP  |b SPA  |e RCAA 
082 0 |2 1  |a 372.9861 46  |b F9625 
110 2 |a Fundación Universitaria CAFAM -Unicafam  |9 722 
245 0 0 |a Niños y niñas reconociendo nuestro legado indígena  |h [Recurso Electrónico] 
250 |a Federico Román López Trujillo  |b Diseño y diagramación: Datanalab S.A.S. 
300 |a 50 páginas. 
385 |n Público General, Docentes, investigadores, estudiantes de pedagogía 
504 |a Bibliografía: Página 48. 
520 3 |a Resumen: Este proyecto es una cartilla orientada a estudiantes entre los 7 y los 10 años de los grados tercero, cuarto y quinto de primaria. Está pensada para ser aplicada en las clases de ciencias sociales, pues en ellas, se hacen realidad los Derechos Básicos de Aprendizaje (DBA) propuestos por el MEN (2015) para ciencias sociales. Las evidencias de aprendizaje de estos DBA se estructuran en seis momentos para la comprensión y conocimiento de los muisquismos, que son los vocablos de origen muisca que sobrevivieron a la colonización y, que por su reiterado uso, se mezclaron con el español, lo cual se aprecia en el dialecto cundiboyacense de la actualidad. 
521 |a Público: General, Docentes, Investigadores, Estudiantes de pedagógia. 
546 |a Español. 
650 1 4 |2 IDEP  |a comunidades indígenas  |9 16333 
650 1 4 |2 IDEP  |a pueblo muisca  |9 16339 
700 0 |a Chinchilla Gaitán, Sonia Esperanza  |e Autor  |9 16340 
700 0 |a Sánchez Fernández, David  |e Autor  |9 16341 
700 0 |a Triana Zamora, Hernán Javier  |e Autor  |9 16342 
942 |2 ddc  |c BK 
856 |u https://catalogo.idep.edu.co/cgi-bin/koha/opac-detail.pl?biblionumber=7298  |z Enlace del recurso